Phylogenetic relationships and revision of the blenniid fish genus scartichtys
Uloženo v:
| Hlavní autor: | |
|---|---|
| Médium: | Kniha |
| Jazyk: | angličtina |
| Vydáno: |
Washington, D.C
Smithsonian Institution Press
1990
|
| Edice: | Smithsonian Contributions to Zoology, 492
|
| Témata: | |
| Tagy: |
Přidat tag
Žádné tagy, Buďte první, kdo vytvoří štítek k tomuto záznamu!
|
MARC
| LEADER | 00000nam a2200000 a 4500 | ||
|---|---|---|---|
| 001 | UCZ9564 | ||
| 003 | CL-VaPUC | ||
| 008 | 960308e19900000US |||||||||||||||||eng|d | ||
| 082 | 0 | 4 | |a 597.58 |b WIL |2 21 |
| 100 | 0 | |a Williams, Jeffrey T |e author |9 354546 | |
| 245 | 1 | 0 | |a Phylogenetic relationships and revision of the blenniid fish genus scartichtys |
| 300 | |a 30 p | ||
| 942 | |c BK | ||
| 945 | |d 19960308 00:00:00 |a rleighto | ||
| 260 | |a Washington, D.C |b Smithsonian Institution Press |c 1990 | ||
| 650 | 0 | |a Zoología |9 261613 | |
| 650 | 7 | |a PECES |2 CL-VaPUC |9 354547 | |
| 650 | 7 | |a CLASIFICACION |2 CL-VaPUC |9 269795 | |
| 583 | |a last modification |c 19960308 00:00:00 |k Rodrigo Vera | ||
| 490 | 0 | |a Smithsonian Contributions to Zoology, 492 | |
| 999 | |c 244811 |d 244809 | ||